000 00784cab a2200253 4500
001 WB3341-32
008 090401t1997 xxu||||| |||| 00| 0 eng d
035 _a(Sirsi) u81664
041 _aeng
245 _aLand deal for new town social housing
260 _c1997
350 _a0
490 _aHousing Today
_v(56) 23 October 1997, 2(1)
520 _aThe Commission for New Towns has struck a deal with the Housing Corporation for the provision of social housing grant on its subsidised land.
650 _aCOMMISSION FOR NEW TOWNS
650 _aHOUSING CORPORATION
650 _aNEW TOWNS
650 _aRESIDENTIAL BUILDING LAND
650 _aSOCIAL HOUSING GRANT
650 _aSOCIAL HOUSING
690 _aHOUSING-DEVELOPMENT
942 _n0
948 _c23/10/1997
999 _c51476
_d51476